Search the Library Catalogue
| 000 -LEADER | |
|---|---|
| fixed length control field | 00449nam a2200169Ia 4500 |
| 008 - FIXED-LENGTH DATA ELEMENTS--GENERAL INFORMATION | |
| fixed length control field | 210417s9999 xx 000 0 und d |
| 082 ## - DEWEY DECIMAL CLASSIFICATION NUMBER | |
| Classification number | 342.54068 AJM |
| Item number | 22.342.54068 AJM |
| 245 #0 - TITLE STATEMENT | |
| Title | Service Manual |
| Statement of responsibility, etc. | Service Manual |
| 250 ## - EDITION STATEMENT | |
| Remainder of edition statement | 384p. ; 26cms. ; pbk |
| 260 ## - PUBLICATION, DISTRIBUTION, ETC. | |
| Place of publication, distribution, etc. | Madurai |
| Name of publisher, distributor, etc. | Account Test Centre |
| Date of publication, distribution, etc. | 2013 |
| 700 ## - ADDED ENTRY--PERSONAL NAME | |
| Personal name | "Ajmal khan, M" |
| Numeration | "M.Ajmal Khan, M.Gnana Gurunathan and R.Gandhi" |
No items available.